<?xml version="1.0" encoding="UTF-8"?>
<marc:record xmlns:marc="http://www.loc.gov/MARC21/slim">
   <marc:leader>00000nam a2200000 a 4500</marc:leader>
   <marc:datafield ind1="1" ind2=" " tag="100">
      <marc:subfield code="a">Boucourt, Franck</marc:subfield>
      <marc:subfield code="4">ctb</marc:subfield>
      <marc:subfield code="e">Mitwirkende/-r</marc:subfield>
   </marc:datafield>
   <marc:datafield ind1="1" ind2=" " tag="100">
      <marc:subfield code="a">Grosléziat, Rodolphe</marc:subfield>
      <marc:subfield code="4">ctb</marc:subfield>
      <marc:subfield code="e">Mitwirkende/-r</marc:subfield>
   </marc:datafield>
   <marc:datafield ind1=" " ind2=" " tag="653">
      <marc:subfield code="a">Garten</marc:subfield>
   </marc:datafield>
   <marc:datafield ind1=" " ind2=" " tag="653">
      <marc:subfield code="a">Selbstversorgung</marc:subfield>
   </marc:datafield>
   <marc:datafield ind1=" " ind2=" " tag="653">
      <marc:subfield code="a">Einsteiger</marc:subfield>
   </marc:datafield>
   <marc:datafield ind1=" " ind2=" " tag="653">
      <marc:subfield code="a">Softcover / Ratgeber/Natur/Garten</marc:subfield>
   </marc:datafield>
   <marc:datafield ind1=" " ind2=" " tag="653">
      <marc:subfield code="a">Ratgeber</marc:subfield>
   </marc:datafield>
   <marc:datafield ind1="0" ind2="0" tag="245">
      <marc:subfield code="a">Kleiner Garten, große Ernte</marc:subfield>
   </marc:datafield>
   <marc:datafield ind1="0" ind2="0" tag="245">
      <marc:subfield code="c">Rodolphe Grosléziat. Mit Fotos von Franck Boucourt. Aus dem Franz. von Sabine Hesemann</marc:subfield>
   </marc:datafield>
   <marc:datafield ind1=" " ind2="1" tag="264">
      <marc:subfield code="a">Stuttgart</marc:subfield>
      <marc:subfield code="b">Ulmer</marc:subfield>
      <marc:subfield code="c">2013</marc:subfield>
   </marc:datafield>
   <marc:datafield ind1="1" ind2=" " tag="520">
      <marc:subfield code="a">Angaben aus der Verlagsmeldung

Kleiner Garten, große Ernte / von Rodolphe Grosléziat

So groß kann klein sein
- Alle Kniffe, um einen kleinen Gemüsegarten optimal zu nutzen
- Sorten, mit deren Anbau man tatsächlich Geld sparen kann
- Pflanzen, für wenig Platz und reiche Ernte
Sie haben einen kleinen Hinterhof oder wollen nur eine kleine Ecke im Garten für das Gemüse nutzen? Rodolphe verrät Ihnen, wie ihr kleiner Garten ganz groß raus kommt:
Sie lernen die besten Sorten für wenig Platz, aber große Ernte kennen. Sorten, mit deren Anbau man tatsächlich Geld sparen kann und natürlich die besten Kniffe, um einen kleinen Gemüsegarten optimal zu nutzen. Von der ausgeklügelten Flächennutzung, über geeignete Gestaltungsmöglichkeiten bis hin zur biologischen Versorgung Ihren Pflanzen.
Wetten, der kleinste Gärtner hat die größten Kartoffeln?
</marc:subfield>
   </marc:datafield>
   <marc:datafield ind1=" " ind2=" " tag="020">
      <marc:subfield code="a">9783800178353</marc:subfield>
      <marc:subfield code="9">9783800178353</marc:subfield>
   </marc:datafield>
   <marc:datafield ind1=" " ind2=" " tag="020">
      <marc:subfield code="a">3800178354</marc:subfield>
      <marc:subfield code="9">3800178354</marc:subfield>
   </marc:datafield>
   <marc:datafield ind1=" " ind2=" " tag="041">
      <marc:subfield code="a">ger</marc:subfield>
   </marc:datafield>
   <marc:datafield ind1=" " ind2=" " tag="300">
      <marc:subfield code="a">144 S.</marc:subfield>
   </marc:datafield>
</marc:record>
